Open Data Biblioteca Nacional de Portugal


República Portuguesa: Ministério da Cultura
Biblioteca Nacional de Portugal

Catálogo da BNP: acesso por Identificadores Unívocos
Registos Bibliográficos associados ao registo de autoridade

Etiqueta de registo: 00000nam 2200025 450
001 1957170
003 http://id.bnportugal.gov.pt/bib/catbnp/1957170
010 ## $a978-989-626-784-1
021 ## $aPT$b414444/16
100 ## $a20170224d2016 m y0pory01030103ba
101 0# $apor
102 ## $aPT
105 ## $aaf z 000yy
106 ## $ar
200 1# $aJoão XXI, o papa português$fArmando Norte
205 ## $a1ª ed
210 #9 $aLisboa$cA Esfera dos Livros,$d2016
215 ## $a255 p., [8] p. il.$cil.$d24 cm
675 ## $a929João XXI, Papa$vBN$zpor$31039461
675 ## $a272-732João XXI, Papa$vBN$zpor$31674142
700 #1 $aNorte,$bArmando,$f1974-$31563322
801 #0 $aPT$bBN$gRPC
856 41 $uhttp://rnod.bnportugal.gov.pt/ImagesBN/winlibimg.aspx?skey=&doc=1957170&img=90435&save=true
900 ## $aBIBNAC$d20170309
966 ## $lBN$mFGMON$sH.G. 73563 V.$x1
966 ## $lBN$mFGMON$sH.G. 73563 V.-D$x1

Etiqueta de registo: 00000nam 2200025 450
001 1850401
003 http://id.bnportugal.gov.pt/bib/catbnp/1850401
100 ## $a20130923d2013 m y0pory01030103ba
101 0# $apor
102 ## $aPT
105 ## $ay z 000zy
106 ## $ar
200 1# $aProcessos de institucionalização do estudo Geral português$fArmando Norte
210 #9 $a[Lisboa$cs.n.],$d2013
215 ## $ap. 149-186$d21 cm
305 ## $aSep. de: A Universidade Medieval em Lisboa : séculos XIII-XVI
675 ## $a94(469)"12/15"(042)$vBN$zpor$31542402
675 ## $a316.74(469)"12/15"(091)(042)$vBN$zpor$31603066
700 #1 $aNorte,$bArmando,$f1974-$31563322
801 #0 $aPT$bBN$gRPC
966 ## $lBN$mFGMON$sH.G. 68742 V.$x3

Etiqueta de registo: 00000nam 2200025 450
001 1850407
003 http://id.bnportugal.gov.pt/bib/catbnp/1850407
100 ## $a20130923d2009 m y0pory01030103ba
101 0# $apor
102 ## $aPT
105 ## $ay z 000yy
106 ## $ar
200 1# $a As elites intelectuais e a guerra$emanisfestações ideológicas e modelos proselitistas na génese do reino português$fArmando Norte
210 #9 $a[Sl.$cs.n.],$d2009
215 ## $ap. 377-391$d21 cm
305 ## $aSep. de: A guerra e sociedade na Idade Média : atas das VI Jornadas Luso-Espanholas de Estudos Medievais, (2009)
675 ## $a94(469)(042)$vBN$zpor$3288146
700 #1 $aNorte,$bArmando,$f1974-$31563322
801 #0 $aPT$bBN$gRPC
966 ## $lBN$mFGMON$sH.G. 72353 V.$x3

Etiqueta de registo: 00000nam 2200025 450
001 1850410
003 http://id.bnportugal.gov.pt/bib/catbnp/1850410
100 ## $a20130923d2008 m y0pory01030103ba
101 0# $apor
102 ## $aPT
105 ## $aa z 000zy
106 ## $ar
200 1# $a O espaço em Masaccio$fArmando Norte
210 #9 $aLisboa$c[s.n.],$d2008
215 ## $ap. 425-434, [1]$cil.$d24 cm
305 ## $aSep. de: Clio - revista do Centro de História da Universidade de Lisboa, n.s. 16/17 (2008), ISSN 0870-4104
675 ## $a75.01Masaccio, Tommaso(042)$vBN$zpor$31607056
700 #1 $aNorte,$bArmando,$f1974-$31563322
801 #0 $aPT$bBN$gRPC
966 ## $lBN$mFGMON$sB.A. 38631 V.$x3

Etiqueta de registo: 00000nam 2200025 450
001 1850398
003 http://id.bnportugal.gov.pt/bib/catbnp/1850398
100 ## $a20130923d2013 m y0pory01030103ba
101 0# $apor
102 ## $aPT
105 ## $aa z 000yy
106 ## $ar
200 1# $aLentes, escolares e letrados$edas origens do Estudo Geral ao final do século XIV$fArmando Norte
210 #9 $a[Lisboa$cs.n.],$d2013
215 ## $ap. 89-126, [21]$cil.$d21 cm
305 ## $aSep. de: A Universidade Medieval em Lisboa : séculos XIII-XVI
675 ## $a94(469)"13"(042)$vBN$zpor$31333868
675 ## $a316.74(469)"13"(091)(042)$vBN$zpor$31603067
675 ## $a378(469)(091)(042)$vBN$zpor$31523385
700 #1 $aNorte,$bArmando,$f1974-$31563322
801 #0 $aPT$bBN$gRPC
966 ## $lBN$mFGMON$sH.G. 68743 V.$x3

Etiqueta de registo: 00000nam 2200025 450
001 1895328
003 http://id.bnportugal.gov.pt/bib/catbnp/1895328
100 ## $a20150225d2013 k y0pory01030103ba
101 0# $apor$deng
102 ## $aPT
105 ## $aa m 001yy
106 ## $ar
200 1# $aLetrados e cultura letrada em Portugal$e ( sécs. XII e XIII)$fArmando José Gomes do Norte$gorient. Hermenegildo Nuno G. Fernandes
210 #9 $aLisboa$c[s.n.],$d2013
215 ## $a708 p.$cil.$d30 cm$eerrata ([1] f.)
320 ## $aBibliografia, p. 625-696
328 #1 $aTese dout. História (História Medieval), Fac. de Letras, Univ. de Lisboa, 2013
675 ## $a94(469)"11/12"(043)$vBN$zpor$31606005
675 ## $a316.344(469)"11/12"(091)(043)$vBN$zpor$31606006
675 ## $a272-788-9(469)"11/12"(043)$vBN$zpor$31606007
675 ## $a027.2(469)"11/12"(091)(043)$vBN$zpor$31606008
700 #1 $aNorte,$bArmando,$f1974-$31563322
702 #1 $aFernandes,$bHermenegildo,$f1964-$4727$328718
801 #0 $aPT$bBN$gRPC
966 ## $lBN$mFGMON$sH.G. 69242 V.$x1

Etiqueta de registo: 00254nam 2200025 450
001 2285654
003 http://id.bnportugal.gov.pt/bib/catbnp/2285654
010 ## $a978-989-8068-51-4
021 ## $aPT$b541227/24
100 ## $a20260504d2024 m y0pory01030103ba
101 0# $apor
102 ## $aPT
105 ## $aa z 000yy
106 ## $ar
200 1# $aLivros do saber$etextos medievais portugueses$fArmando Norte$grev. cient. Paulo Farmhouse Alberto
210 #9 $aLIsboa$cCentro de História da Universidade de Lisboa$d2024
215 ## $a802 p.$cil.$d24 cm
675 ## $a94(469)"11/12"$vBN$zpor$31034146
675 ## $a027.2(469)"11/12"(091)$vBN$zpor$32001564
675 ## $a272-788-9(469)"11/12"$vBN$zpor$32001565
702 #1 $aNorte,$bArmando,$f1974-$31563322
702 #1 $aAlberto,$bPaulo Farmhouse,$f1959-$4695$358938
801 #0 $aPT$bBN$gRPC
856 41 $uhttp://rnod.bnportugal.gov.pt/ImagesBN/winlibimg.aspx?skey=&doc=2285654&img=223728&save=true
966 ## $lBN$mFGMON$sH.G. 89305 V.$x1
966 ## $lBN$mFGMON$sH.G. 89305 V.-D$x1
971 ## $cisantos$d20260504
973 ## $cigoulao$d20260624

Etiqueta de registo: 00254nam 2200025 450
001 2285776
003 http://id.bnportugal.gov.pt/bib/catbnp/2285776
010 ## $a978-989-8068-50-7
021 ## $aPT$b541226/24
100 ## $a20260504d2024 k y0pory01030103ba
101 0# $apor
102 ## $aPT
105 ## $aa z 000yy
106 ## $ar
200 1# $aGentes do saber$emestres medievais portugueses$fArmando Norte$grev. científica Paulo Farmhouse Alberto
210 #9 $aLisboa$cCentro de História da Universidade de Lisboa,$d2024
215 ## $a1109 p.$cil.$d24 cm
675 ## $a94(469)"11/12"(043)$vBN$zpor$31606005
675 ## $a316.344(469)"11/12"(091)$vBN$zpor$32001559
675 ## $a272-726.1/.6-9(469)"11/12"$vBN$zpor$32001560
702 #1 $aNorte,$bArmando,$f1974-$31563322
702 #1 $aAlberto,$bPaulo Farmhouse,$f1959-$4695$358938
801 #0 $aPT$bBN$gRPC
856 41 $uhttp://rnod.bnportugal.gov.pt/ImagesBN/winlibimg.aspx?skey=&doc=2285776&img=223731&save=true
966 ## $lBN$mFGMON$sH.G. 89306 V.$x1
966 ## $lBN$mFGMON$sH.G. 89306 V.-D$x1
971 ## $cssilva$d20260505
973 ## $cigoulao$d20260624

OpendataBNP@bnportugal.pt | Mais informação sobre acesso aos dados BNP